Normal view
MARC view
- المخطوطات-التراث الاسلامي
Entry Topical Term
001 - CONTROL NUMBER
- control field: 11113
003 - CONTROL NUMBER IDENTIFIER
- control field: JO-AjAnu
005 - DATE AND TIME OF LATEST TRANSACTION
- control field: 20230606072102.0
008 - FIXED-LENGTH DATA ELEMENTS
- fixed length control field: 230606|| aca||aabn | a|a d
040 ## - CATALOGING SOURCE
- Original cataloging agency: JO-AjAnu
- Transcribing agency: JO-AjAnu
150 ## - HEADING--TOPICAL TERM
- Topical term or geographic name entry element: المخطوطات-التراث الاسلامي
670 ## - SOURCE DATA FOUND
- Source citation: Work cat.: (JO-AjAnu)5723: حربي،خالد احمد حسنين, author 11112, التراث المخطوط :رؤية في التبصير والفهم مستقلة عن النمط الاستشراقي: المنطق، ج2